Welcome to CU Library Online Public Access Catalogue (OPAC)

Understanding normal and clinical nutrition / (Record no. 2532)

MARC details
000 -LEADER
fixed length control field 01084cam a2200289 a 4500
001 - CONTROL NUMBER
control field 15162605
005 - DATE AND TIME OF LATEST TRANSACTION
control field 20250115081127.0
008 - FIXED-LENGTH DATA ELEMENTS--GENERAL INFORMATION
fixed length control field 080131s2009 caua b 001 0 eng
020 ## - INTERNATIONAL STANDARD BOOK NUMBER
International Standard Book Number 9780495556466
020 ## - INTERNATIONAL STANDARD BOOK NUMBER
International Standard Book Number 0495556467
050 00 - LIBRARY OF CONGRESS CALL NUMBER
Classification number QP141
Item number .W458 2009
082 00 - DEWEY DECIMAL CLASSIFICATION NUMBER
Classification number 613.2
Edition information 22
100 1# - MAIN ENTRY--PERSONAL NAME
Personal name Rolfes, Sharon Rady.
245 10 - TITLE STATEMENT
Title Understanding normal and clinical nutrition /
Statement of responsibility, etc. Sharon Rady Rolfes, Kathryn Pinna, Ellie Whitney.
250 ## - EDITION STATEMENT
Edition statement 8th ed.
260 ## - PUBLICATION, DISTRIBUTION, ETC.
Place of publication, distribution, etc. Belmont, CA :
Name of publisher, distributor, etc. Wadsworth/Cengage Learning,
Date of publication, distribution, etc. c2009.
300 ## - PHYSICAL DESCRIPTION
Extent 1 v. (various pagings) :
Other physical details col. ill. ;
Dimensions 29 cm.
650 #0 - SUBJECT ADDED ENTRY--TOPICAL TERM
Topical term or geographic name entry element Nutrition.
650 #0 - SUBJECT ADDED ENTRY--TOPICAL TERM
Topical term or geographic name entry element Diet therapy.
650 #0 - SUBJECT ADDED ENTRY--TOPICAL TERM
Topical term or geographic name entry element Dietetics.
700 1# - ADDED ENTRY--PERSONAL NAME
Personal name Pinna, Kathryn.
700 1# - ADDED ENTRY--PERSONAL NAME
Personal name Whitney, Ellie
856 42 - ELECTRONIC LOCATION AND ACCESS
Materials specified Publisher description
Uniform Resource Identifier <a href="http://www.loc.gov/catdir/enhancements/fy1212/2008922067-d.html">http://www.loc.gov/catdir/enhancements/fy1212/2008922067-d.html</a>
856 41 - ELECTRONIC LOCATION AND ACCESS
Materials specified Table of contents only
Uniform Resource Identifier <a href="http://www.loc.gov/catdir/enhancements/fy1212/2008922067-t.html">http://www.loc.gov/catdir/enhancements/fy1212/2008922067-t.html</a>
856 42 - ELECTRONIC LOCATION AND ACCESS
Materials specified Contributor biographical information
Uniform Resource Identifier <a href="http://www.loc.gov/catdir/enhancements/fy1302/2008922067-b.html">http://www.loc.gov/catdir/enhancements/fy1302/2008922067-b.html</a>
942 ## - ADDED ENTRY ELEMENTS (KOHA)
Source of classification or shelving scheme Library of Congress Classification
Koha item type Books
Edition 8th ed.
Suppress in OPAC No
999 ## -
-- 2532
-- 2532
Holdings
Withdrawn status Lost status Source of classification or shelving scheme Damaged status Not for loan Collection Home library Current library Shelving location Date acquired Total checkouts Full call number Barcode Date last seen Copy number Price effective from Koha item type
    Library of Congress Classification     Non-fiction Science Library (Miotso) Science Library (Miotso) General stacks 01/15/2025   QP141 .W458 WHI SLM00001761 01/15/2025 1 01/15/2025 Books
© 2023-2024 Copyright: Central University Libraries. All Rights Reserved | Created by: Mahone Tech Office